00308 a2200109 450000500170000002000220001708200140003910000190005324500450007226000580011730000230017520250602155731.0 a978-9987-03-025-5 a658.3 TUM aTUMAINI, U. J. aA Textbook of Human Resource Management. aDar es Salaam,bCollege of Business Education,c2012. axiv, 185p.: c20cm